00822nam a2200229 a 450000100060000000300080000600500170001400800410003102000220007203500190009404000420011304100080015508200280016324501440019126000320033530000320036749000360039950400510043565000370048665100330052383000360055632751BD-RjUL20211209051905.0190105s1940 enka 001 0 eng d c: 11.00 Shelling  a(BD-RjUL)32841 aDLCcIWTdOCLdUKMdEQOdBD-RjULbeng aeng a304.60941223bROY 194000aRoyal Commission on the distribution of the industrial population : breport presented to Parliament by Command of His Majesty January 1940 aLondon :bH.M.S.O., c1940. aix, 318 p. :bIll. ;c23 cm aCommand papers. Cmd. ;v 6153.  aIncludes bibliographical references and index. aDemography zGreat Britain.  aGreat Britain xPopulation.  aCommand papers. Cmd. ;v 6153.